000 01613 a2200241 4500
001 10499
005 20260407155438.0
008 260407a2010 arg spa d
003 AR-UNSa-BCEJYS
040 _aAR-UNSa-BCEJYS
_bspa
_cAR-UNSa-BCEJYS
080 _a336.226.1
_xImpuestos a las ganancias o los beneficios (Impuesto Diferido)
245 1 0 _aEl impuesto a las ganancias
020 _a978-987-03-1610-7
250 _a5a. ed.
264 1 _aBuenos Aires :
_bLa Ley
_c2010
300 _axlviii, 1261 p.
_c25 cm.
505 _a1. Introducción - 2. Objeto del impuesto - 3. Ganancias de la tercera categoría - 4. Ganancias de las categorías primera, segunda y cuarta - 5. Ganancias gravadas de residentes en el país - 6. Doble imposición internacional: métodos para evitarla o aliviarla - 7. Exenciones - 8. Deducciones personales y por donaciones - 9. Sujetos del impuesto - 10. Año fiscal - 11. Imputación de resultados al año fiscal - 12. Determinación de la ganancia bruta en las categorías primera, segunda y cuarta - 13. Determinación de la ganancia bruta en la tercera categoría - 14. Ganancia neta y ganancia neta imponible - 15. Ajuste por inflación - 16. Reorganización de empresas - 17. Los incentivos tributarios y el impuesto a las ganancias - 18. Liquidación e ingreso del impuesto
942 _cBK
590 _aniveau_biblio:m niveau_hierar:0
100 1 _aRaimondi, Carlos A.
700 1 _aAtchabahian, Adolfo
856 4 1 _uhttps://biblioeco.unsa.edu.ar/pmb/images/libros/El Impuesto a las Ganancias(Carlos A.Raimondi,AdolfoAtchabahian)3.jpg
_yImagen de portada
_qimage/jpeg
999 _c465
_d465